Invitacion a la muerte : drama en tres actos /

Bibliographic Details
Main Author: Villaurrutia, Xavier, 1903-1950
Format: Book
Language:Spanish
Published: [Mexico] : Letras de Mexico, [1944]
Series:Libros del Hijo pródigo.

MARC

Tag First Indicator Second Indicator Subfields
LEADER 00000cam a2200000 4500
001 in00000720467
005 20151016062331.0
008 770518s1944 mx 00010 spa
010 |a  44012444  
035 |a (OCoLC)02977069 
035 |a ADD4539AM 
040 |a DLC  |c NOC  |d TXA  |d UtOrBLW 
049 |a TXAM  |c [272812] 
050 0 0 |a PQ7297.V6  |b I5 
082 0 |a 862.6 
092 |a 862  |b V726i 
100 1 |a Villaurrutia, Xavier,  |d 1903-1950. 
245 1 0 |a Invitacion a la muerte :  |b drama en tres actos /  |c por Xavier Villaurrutia ... 
264 1 |a [Mexico] :  |b Letras de Mexico,  |c [1944] 
300 |a 3 pages ., 9-116 pages ;  |c 19 cm. 
336 |a text  |b txt  |2 rdacontent 
337 |a unmediated  |b n  |2 rdamedia 
338 |a volume  |b nc  |2 rdacarrier 
490 1 |a Libros del Hijo Prodigo 
830 0 |a Libros del Hijo pródigo. 
999 |a MARS 
999 f f |s eb01ce78-78a2-3892-9d0b-678d724a82f7  |i ef16c11b-5fbc-3b58-aa3b-67802cbcbc00  |t 0 
952 f f |p ric  |a Texas A&M University  |b Rellis Campus  |c Joint Library Facility  |d Remote Storage  |t 0  |e PQ7297.V6 I5  |h Library of Congress classification  |i unmediated -- volume  |m A14801382525 
998 f f |a PQ7297.V6 I5  |t 0  |l Remote Storage